Your Sunday school can grow / (Record no. 5452)
[ view plain ]
| 000 -LEADER | |
|---|---|
| fixed length control field | 01433cam a2200349 i 4500 |
| 001 - CONTROL NUMBER | |
| control field | 1119950 |
| 003 - CONTROL NUMBER IDENTIFIER | |
| control field | OCoLC |
| 005 - DATE AND TIME OF LATEST TRANSACTION | |
| control field | 20190103200105.0 |
| 008 - FIXED-LENGTH DATA ELEMENTS--GENERAL INFORMATION | |
| fixed length control field | 741120s1974 caua 000 0 eng |
| 010 ## - LIBRARY OF CONGRESS CONTROL NUMBER | |
| LC control number | 74079564 |
| 020 ## - INTERNATIONAL STANDARD BOOK NUMBER | |
| International Standard Book Number | 0830703098 : |
| Terms of availability | $2.25 |
| 020 ## - INTERNATIONAL STANDARD BOOK NUMBER | |
| International Standard Book Number | 9780830703098 |
| 035 ## - SYSTEM CONTROL NUMBER | |
| System control number | (OCoLC)1119950 |
| 040 ## - CATALOGING SOURCE | |
| Original cataloging agency | DLC |
| Language of cataloging | eng |
| Transcribing agency | DLC |
| Modifying agency | BTCTA |
| -- | LGG |
| -- | OCLCQ |
| -- | BDX |
| -- | OCLCF |
| -- | P4I |
| -- | OCLCQ |
| -- | MXL |
| -- | CIRBC |
| 050 04 - LIBRARY OF CONGRESS CALL NUMBER | |
| Classification number | BV1521 |
| Item number | .B73 |
| 082 0# - DEWEY DECIMAL CLASSIFICATION NUMBER | |
| Classification number | 268 |
| Item number | B877G |
| 092 0# - LOCALLY ASSIGNED DEWEY CALL NUMBER (OCLC) | |
| Classification number | 268 |
| Item number | B8789 |
| 100 1# - MAIN ENTRY--PERSONAL NAME | |
| Personal name | Brown, Lowell E. |
| 245 10 - TITLE STATEMENT | |
| Title | Your Sunday school can grow / |
| Statement of responsibility, etc. | by Lowell E. Brown with Bobbie Reed. |
| 246 3# - VARYING FORM OF TITLE | |
| Title proper/short title | Grow |
| 260 ## - PUBLICATION, DISTRIBUTION, ETC. | |
| Place of publication, distribution, etc. | Glendale, Calif. : |
| Name of publisher, distributor, etc. | G/L Regal Books, |
| Date of publication, distribution, etc. | [1974] |
| 300 ## - PHYSICAL DESCRIPTION | |
| Extent | 120 pages : |
| Other physical details | illustrations ; |
| Dimensions | 20 cm. |
| 336 ## - CONTENT TYPE | |
| Content type term | text |
| Content type code | txt |
| Source | rdacontent |
| 337 ## - MEDIA TYPE | |
| Media type term | unmediated |
| Media type code | n |
| Source | rdamedia |
| 338 ## - CARRIER TYPE | |
| Carrier type term | volume |
| Carrier type code | nc |
| Source | rdacarrier |
| 490 1# - SERIES STATEMENT | |
| Series statement | An ICL insight book |
| 500 ## - GENERAL NOTE | |
| General note | At head of title: Grow. |
| 505 0# - FORMATTED CONTENTS NOTE | |
| Formatted contents note | Introduction: Who Me? An Administrator? -- 1. Why Sunday School? -- 2. What Is the Teaching/Learning Philosophy? -- 3. What Are Teaching Aims? -- 4. What Are the Obstacles to Change? -- 5. How to Group for Learning -- 6. How to Use the Hour -- 7. Using Your Facilities Creatively -- 8. Organizing the Sunday School -- 9. Planning Meetings -- 10. How to Recruit and Train Leaders -- 11. Evaluating Your Sunday School |
| 650 #0 - SUBJECT ADDED ENTRY--TOPICAL TERM | |
| Topical term or geographic name entry element | Sunday schools. |
| 830 #0 - SERIES ADDED ENTRY--UNIFORM TITLE | |
| Uniform title | ICL insight book. |
| 942 ## - ADDED ENTRY ELEMENTS (KOHA) | |
| Source of classification or shelving scheme | Dewey Decimal Classification |
| Koha item type | Books |
| Withdrawn status | Lost status | Source of classification or shelving scheme | Damaged status | Not for loan | Collection code | Home library | Current library | Shelving location | Date acquired | Cost, normal purchase price | Total Checkouts | Full call number | Barcode | Date last seen | Price effective from | Koha item type |
|---|---|---|---|---|---|---|---|---|---|---|---|---|---|---|---|---|
| Dewey Decimal Classification | Non-fiction | Harvest Mission College | Harvest Mission College | General Stacks | 03.01.2019 | 350.00 | 268 B877G | 006201 | 03.01.2019 | 03.01.2019 | Books |
